Coliphage and indigenous phage in Mamala Bay, Oahu, Hawaii /
Đã lưu trong:
| Údair Eile: | , , , , , |
|---|---|
| Formáid: | Bài viết |
| Teanga: | English |
| Ábhair: | |
| Clibeanna: |
Cuir Clib Leis
Gan Chlibeanna, Bí ar an gcéad duine leis an taifead seo a chlibeáil!
|
| Thư viện lưu trữ: | Thư viện Trường Đại học Đà Lạt |
|---|
| LEADER | 01065nam a2200385 4500 | ||
|---|---|---|---|
| 001 | DLU090095919 | ||
| 005 | ##20091201 | ||
| 040 | # | # | |a DLU |b eng |
| 041 | # | # | |a eng |
| 044 | # | # | |a us |
| 245 | # | # | |a Coliphage and indigenous phage in Mamala Bay, Oahu, Hawaii / |c J. H. Paul ... [et al.]. |
| 653 | # | # | |a Biological indicator |
| 653 | # | # | |a Coliphage |
| 653 | # | # | |a Public health |
| 653 | # | # | |a Seawater |
| 653 | # | # | |a Virus |
| 653 | # | # | |a Waste water discharge |
| 653 | # | # | |a Water pollution |
| 653 | # | # | |a Water quality |
| 700 | # | # | |a Jiang, S. C. |
| 700 | # | # | |a Kellogg, C. |
| 700 | # | # | |a London, P. |
| 700 | # | # | |a Paul, J. H. |
| 700 | # | # | |a Rose, J. B. |
| 700 | # | # | |a Xhou, X. |
| 773 | # | # | |t Applied and Environmental Microbiology |g Vol. 63, no. 1 (January 1997), p. 133-138 |
| 920 | # | # | |a Phòng Tạp chí -- Trung tâm Thông tin - Thư viện Trường Đại học Đà Lạt |
| 994 | # | # | |a DLU |
| 900 | # | # | |a True |
| 911 | # | # | |a Trương Bảo Trâm Anh |
| 925 | # | # | |a G |
| 926 | # | # | |a A |
| 927 | # | # | |a BB |
| 980 | # | # | |a Thư viện Trường Đại học Đà Lạt |